Clic Qui joue dans ce film Lion d'or à Venise de 1949 à 1968 - Statistiques

Statistiques générales
  • Ce quiz a été pris 12 fois
  • Le résultat moyen est 9 sur 20
Statistiques - réponses
Hint Extra Hint Réponse % Correct
1967 - Belle de jour France Catherine Deneuve
91%
1962 - L'Enfance d'Ivan URSS Nikolaï Bourliaïev
82%
1952 - Jeux interdits France Brigitte Fossey
73%
1958 - L'Homme au pousse-pousse Japon Hideko Takamine
73%
1951 - Rashōmon Japon Toshirō Mifune
73%
1957 - L'Invaincu Inde Kamala Adhikari
64%
1962 - Journal intime Italie Marcello Mastroianni
64%
1961 - L'Année dernière à Marienbad France Delphine Seyrig
55%
1955 - La Parole Danemark Henrik Malberg
55%
1965 - Sandra Italie Claudia Cardinale
45%
1968 - Les Artistes sous les chapiteaux : Perplexes Allemagne de l'Ouest Hannelore Hoger
45%
1964 - Le Désert rouge Italie Monica Vitti
45%
1949 - Manon France Michel Auclair
27%
1960 - Le Passage du Rhin France Nicole Courcel
27%
1963 - Main basse sur la ville Italie Rod Steiger
27%
1959 - La Grande Guerre Italie Vittorio Gassman
27%
1966 - La Bataille d'Alger Italie / Algérie Jean Martin
18%
1950 - Justice est faite France Noël Roquevert
18%
1959 - Le Général Della Rovere Italie Sergio Amidei
9%
1954 - Roméo et Juliette Italie Laurence Harvey
0%
Aucun quiz correspondant
Distribution des résultats
% des personnes avec chaque résultat
Percentile par nombre de réponses
Votre historique - résultats
Vous n’avez pas pris ce quiz